| 000 | 00729nam a2200241Ia 4500 | ||
|---|---|---|---|
| 003 | OSt | ||
| 005 | 20220926013949.0 | ||
| 006 | a|||||r|||| 00| 0 | ||
| 007 | ta | ||
| 008 | 220923b |||||||| |||| 00| 0 eng d | ||
| 037 | _cGeneral Book | ||
| 040 |
_aRTL _cRTL _beng |
||
| 041 |
_2eng _aeng |
||
| 082 | _aX9(NA,4):88, L9 | ||
| 100 |
_aBorsenik Frank D _9319383 |
||
| 245 | 0 | _aManagement of maintenace and engineering systems i | |
| 260 |
_aNew York _bJohn Wiley USA _c1979 |
||
| 300 |
_axvii, 494p. Appendix P 464-77 _ccm. |
||
| 490 | _aWiley series management series Ed | ||
| 650 |
_aHotel Industry _9230673 |
||
| 942 |
_hX9(NA,4):88, L9 _cGB _2CC |
||
| 999 |
_c627315 _d627315 |
||